00421nam a2200145Ia 4500003000900000008004100009040003300050041000800083080001500091100002100106245008000127246003700207260001600244300001500260LK-CoDNM010623t2012 xxu||||| |||| 00| 1 sin d aLK-CoDNMdLK-CoDNMeLK-CoDNM asin a133.52 RAN aRanathunga,R.A.Y aනාරිත්වය සහ නාරි ජෝතිෂ්‍ය aNarithwaya Saha Naree Jothishaya bKthruc2012 b182, 21 cm